000 00262nam a2200109Ia 4500
008 200302s9999 xx 000 0 und d
100 _aMarion Baeli
245 _aResidential Retro Fit 20 case Studies
260 _bRiba Publishing
260 _c2013
300 _a128
999 _c3784
_d3784